[Event "World Blitz 2025"]
[Site "Doha QAT"]
[Date "2025.12.30"]
[Round "15.13"]
[White "Grandelius, Nils"]
[Black "Artemiev, Vladislav"]
[Result "0-1"]
[WhiteTitle "GM"]
[BlackTitle "GM"]
[WhiteElo "2664"]
[BlackElo "2641"]
[WhiteFideId "1710400"]
[BlackFideId "24101605"]
[EventDate "2025.12.29"]

1. d4 Nf6 2. c4 e6 3. Nc3 d5 4. cxd5 exd5 5. Bg5 c6 6. e3 h6 7. Bf4 Bf5 8. Nge2
Bd6 9. Bxd6 Qxd6 10. Ng3 Bh7 11. Bd3 Nbd7 12. Bxh7 Nxh7 13. O-O O-O 14. f3 f5
15. Qd3 f4 16. exf4 Qxf4 17. Rae1 Rae8 18. Kh1 Ng5 19. Nh5 Qf7 20. Ng3 Ne6 21.
Nce2 Nb6 22. b3 Nc8 23. Kg1 Nd6 24. Nh1 Nf5 25. Nf2 Nd6 26. Qd2 Qf6 27. Rd1 Nc7
28. Qd3 0-1

[Event "World Blitz 2025"]
[Site "Doha QAT"]
[Date "2025.12.30"]
[Round "15.14"]
[White "Pranesh, M"]
[Black "Sevian, Samuel"]
[Result "1/2-1/2"]
[WhiteTitle "GM"]
[BlackTitle "GM"]
[WhiteElo "2627"]
[BlackElo "2688"]
[WhiteFideId "35028600"]
[BlackFideId "2040506"]
[EventDate "2025.12.29"]

1. e4 e5 2. Nf3 Nc6 3. Nc3 Nf6 4. Bb5 Bb4 5. O-O O-O 6. Nd5 Nxd5 7. exd5 Nd4 8.
Nxd4 exd4 9. Qf3 Bd6 10. Bd3 Re8 11. b3 b6 12. Bb2 Bb7 13. Qh3 g6 14. Bxd4 Bxd5
15. f4 Be4 16. Rae1 Bxd3 17. Rxe8+ Qxe8 18. Qxd3 Qe7 19. f5 Bc5 20. Bxc5 Qxc5+
21. Kh1 d5 22. Qf3 Rf8 23. c3 d4 24. h3 dxc3 25. dxc3 Qxf5 26. Qxf5 gxf5 27. Rd1
f6 28. Kh2 Rf7 29. Kg3 Kg7 30. Kf4 Kg6 31. Rd8 Re7 32. Rg8+ Kf7 33. Ra8 a5 34.
Kxf5 Re2 35. Ra7 Rf2+ 36. Ke4 Rxa2 37. Rxc7+ Kg6 38. Rb7 Rxg2 39. Rxb6 Rg3 40.
c4 Rxh3 41. c5 Rc3 42. Kd5 h5 43. c6 h4 44. Rb8 Kg5 45. Kd6 Rd3+ 46. Ke7 Rc3 47.
Kd7 Rd3+ 48. Ke6 Re3+ 49. Kd6 Rd3+ 50. Ke7 1/2-1/2

[Event "World Blitz 2025"]
[Site "Doha QAT"]
[Date "2025.12.30"]
[Round "15.15"]
[White "Sarana, Alexey"]
[Black "Keymer, Vincent"]
[Result "1/2-1/2"]
[WhiteTitle "GM"]
[BlackTitle "GM"]
[WhiteElo "2673"]
[BlackElo "2776"]
[WhiteFideId "24133795"]
[BlackFideId "12940690"]
[EventDate "2025.12.29"]

1. d4 Nf6 2. c4 e6 3. Nf3 b6 4. a3 Bb7 5. Nc3 Ne4 6. Nxe4 Bxe4 7. Nd2 Bb7 8. e4
g6 9. Bd3 Bg7 10. Nf3 O-O 11. O-O d6 12. Bg5 Qe8 13. Qd2 a5 14. b3 Nd7 15. Bh6
Qe7 16. Rfe1 e5 17. Rad1 Rae8 18. b4 axb4 19. axb4 Ra8 20. Bxg7 Kxg7 21. d5 Ra7
22. Ra1 Rfa8 23. Qb2 Qd8 24. h4 Rxa1 25. Rxa1 Rxa1+ 26. Qxa1 Qa8 27. Qb2 Bc8 28.
Nd2 Qa7 29. Nb1 Nf6 30. Nc3 Bd7 31. Kh2 Ng4+ 32. Kg3 Nf6 33. Kh2 h6 34. f3 Nh5
35. Ne2 Kh7 36. g4 Nf6 37. Kg2 Ng8 38. g5 hxg5 39. hxg5 Qa8 40. Kg3 f6 41. f4
Qd8 42. fxe5 fxe5 43. Qc1 Kg7 44. Ng1 Ne7 45. Nf3 Qh8 46. Qg1 Qh3+ 47. Kf2 Bg4
48. Qg3 Qxg3+ 49. Kxg3 Bxf3 50. Kxf3 Nc8 51. Bf1 Kf8 52. Bh3 Na7 53. Ke3 Ke7 54.
Kd3 Kf8 55. Kc3 Ke7 56. Bg4 Kf8 57. Bd1 Ke7 58. Ba4 Kf8 59. Bc6 Ke7 60. Bb7 Kf8
61. Kb3 1/2-1/2

[Event "World Blitz 2025"]
[Site "Doha QAT"]
[Date "2025.12.30"]
[Round "15.16"]
[White "Le, Quang Liem"]
[Black "Gurel, Ediz"]
[Result "1-0"]
[WhiteTitle "GM"]
[BlackTitle "GM"]
[WhiteElo "2731"]
[BlackElo "2645"]
[WhiteFideId "12401137"]
[BlackFideId "44507356"]
[EventDate "2025.12.29"]

1. d4 Nf6 2. c4 e6 3. Nf3 d5 4. g3 Bb4+ 5. Bd2 Be7 6. Bg2 O-O 7. O-O c6 8. Qc2
a5 9. Bf4 dxc4 10. Qxc4 Nd5 11. Nc3 b5 12. Qd3 b4 13. Ne4 Ba6 14. Qc2 Nd7 15.
Rfd1 Rc8 16. Nc5 Nxc5 17. dxc5 Qe8 18. Bd6 Nc7 19. Ne5 Nb5 20. Bxc6 Rxc6 21.
Bxe7 Qxe7 22. Nxc6 Qf6 23. Rd7 e5 24. Qe4 h5 25. Rad1 h4 26. Rd8 Bb7 27. R8d6
Nxd6 28. Rxd6 Qg5 29. Qxe5 Qc1+ 30. Kg2 Rc8 31. Qd5 Rxc6 32. Rxc6 Qh6 33. Rc8+
Bxc8 34. Qd8+ Kh7 35. Qxc8 Qh5 36. e4 g6 37. c6 Qe5 38. Qg4 Kg7 39. Qxh4 Qc5 40.
Qf4 Qxc6 41. Qe5+ Kg8 42. h4 Kh7 43. Qd5 Qc7 44. a3 bxa3 45. bxa3 a4 46. h5 Qe7
47. hxg6+ fxg6 48. Qd3 Qe6 49. Qe3 Qe7 50. e5 Qb7+ 51. Qf3 Qe7 52. Qe3 Qe6 53.
Qa7+ Kg8 54. Qb8+ Kf7 55. Qc7+ Kg8 56. Qd6 Qf5 57. Qf6 Qe4+ 58. Kh2 Qd3 59. e6
Qd6 60. Qf7+ 1-0

[Event "World Blitz 2025"]
[Site "Doha QAT"]
[Date "2025.12.30"]
[Round "15.17"]
[White "Van Foreest, Jorden"]
[Black "Ponomariov, Ruslan"]
[Result "0-1"]
[WhiteTitle "GM"]
[BlackTitle "GM"]
[WhiteElo "2692"]
[BlackElo "2639"]
[WhiteFideId "1039784"]
[BlackFideId "14103320"]
[EventDate "2025.12.29"]

1. e4 e5 2. Nc3 Nf6 3. d4 exd4 4. Qxd4 Nc6 5. Qc4 Be7 6. Bd2 O-O 7. O-O-O d6 8.
f3 Be6 9. Qe2 d5 10. Be3 d4 11. Nb5 Bc5 12. Bf4 Bb6 13. c3 Bxa2 14. Qc2 Nh5 15.
Be3 dxe3 16. Rxd8 Raxd8 17. Qa4 Be6 18. Bc4 Bxc4 19. Qxc4 Rd2 20. Nh3 Ne5 21.
Qa4 Nd3+ 22. Kb1 e2 23. Nd4 e1=Q+ 24. Rxe1 Nxe1 25. Qb5 c5 26. Nb3 Rxg2 27. Qc4
Rxh2 28. Ng5 h6 29. Nxf7 Rxf7 30. e5 Nxf3 31. e6 Re7 32. Qd5 Ng5 33. Nd2 Rxd2
34. Qxd2 Nf6 35. Ka2 Rxe6 36. Qg2 Re7 37. Kb3 Kf7 38. Kc4 Kg6 39. Qc2+ Nge4 40.
Qg2+ Kf7 41. Qh3 h5 42. Qh1 g5 43. Kb5 Kg6 44. Qb1 g4 45. Qd3 g3 46. Qf3 Kg5 47.
c4 h4 48. Qg2 Nd6+ 49. Ka4 Nf5 50. Qd2+ Kg6 51. Qd3 h3 52. Qf3 h2 53. Qg2 Re1
54. b4 0-1

[Event "World Blitz 2025"]
[Site "Doha QAT"]
[Date "2025.12.30"]
[Round "15.18"]
[White "Ahmad, Khagan"]
[Black "Radjabov, Teimour"]
[Result "0-1"]
[WhiteTitle "IM"]
[BlackTitle "GM"]
[WhiteElo "2472"]
[BlackElo "2692"]
[WhiteFideId "13431552"]
[BlackFideId "13400924"]
[EventDate "2025.12.29"]

1. e4 e5 2. Nf3 Nc6 3. Nc3 Nf6 4. a3 Be7 5. d4 exd4 6. Nxd4 d6 7. Bb5 Bd7 8.
Nxc6 Bxc6 9. Bxc6+ bxc6 10. O-O O-O 11. Bf4 Nd7 12. Qd3 Bf6 13. Rab1 Re8 14.
Rfe1 Rb8 15. Qc4 c5 16. b4 Nb6 17. Qd3 cxb4 18. axb4 Qd7 19. h3 h6 20. Bd2 c6
21. Ne2 Qe6 22. Nf4 Qc4 23. Nh5 Be5 24. f4 Bd4+ 25. Kh2 Qxd3 26. cxd3 c5 27. Ng3
g6 28. Ne2 Bg7 29. bxc5 dxc5 30. Be3 c4 31. Bxb6 Rxb6 32. dxc4 Rxe4 33. Ng3 Rxc4
34. Re8+ Kh7 35. Rf1 Rb2 36. Re7 Rcc2 37. Rg1 Bd4 0-1

[Event "World Blitz 2025"]
[Site "Doha QAT"]
[Date "2025.12.30"]
[Round "15.19"]
[White "Narayanan, S.L."]
[Black "Movahed, Sina"]
[Result "1-0"]
[WhiteTitle "GM"]
[BlackTitle "GM"]
[WhiteElo "2616"]
[BlackElo "2596"]
[WhiteFideId "5058422"]
[BlackFideId "42520835"]
[EventDate "2025.12.29"]

1. d4 Nf6 2. Nf3 g6 3. Nbd2 d5 4. c4 Bg7 5. cxd5 Nxd5 6. e4 Nb6 7. Nb3 O-O 8.
Be2 a5 9. O-O a4 10. Nc5 N8d7 11. Be3 a3 12. b4 Nxc5 13. bxc5 Na4 14. Qb3 Be6
15. Qxa3 b6 16. cxb6 Nxb6 17. Qc5 Na4 18. Qc2 c5 19. d5 Bg4 20. Rac1 Nc3 21. Bc4
Ra4 22. Qd3 Ra3 23. Bxc5 Ra5 24. Bb4 Na4 25. Bxa5 Qxa5 26. h3 Bxf3 27. Qxf3 Nc5
28. Rfd1 Be5 29. Qe3 Nb7 30. f4 Bb8 31. Kh1 Nd6 32. Bd3 Ba7 33. Qf3 Nb7 34. e5
Nc5 35. Bc4 Na4 36. f5 Nb2 37. Rf1 Bd4 38. fxg6 hxg6 39. d6 e6 40. Bxe6 Bxe5 41.
Bxf7+ Kg7 42. Qb7 Kh6 43. Qe4 Rxf7 44. Rxf7 Qd2 45. Qh4# 1-0

[Event "World Blitz 2025"]
[Site "Doha QAT"]
[Date "2025.12.30"]
[Round "15.20"]
[White "Lazavik, Denis"]
[Black "Goutham Krishna H"]
[Result "1-0"]
[WhiteTitle "GM"]
[BlackTitle "IM"]
[WhiteElo "2605"]
[BlackElo "2433"]
[WhiteFideId "13515110"]
[BlackFideId "25983504"]
[EventDate "2025.12.29"]

1. c4 b6 2. Nc3 Bb7 3. d4 e6 4. e4 Bb4 5. Ne2 Nf6 6. f3 c5 7. d5 b5 8. a3 Ba5 9.
e5 Ng8 10. b4 cxb4 11. Nxb5 bxa3+ 12. Bd2 Bc7 13. Bc3 a6 14. Nxc7+ Qxc7 15. Nf4
Nh6 16. Be2 Nf5 17. Qd2 O-O 18. O-O d6 19. exd6 Nxd6 20. dxe6 Nc6 21. Nd5 Qd8
22. exf7+ Rxf7 23. Rxa3 a5 24. Rd1 Qh4 25. Ne3 Rd8 26. Qe1 Qg5 27. Nd5 Re8 28.
Qd2 Qh4 29. g3 Qh3 30. Bf1 Qf5 31. Ba1 Ba6 32. Re3 Rd8 33. Qc3 Kf8 34. Rde1 h5
35. Nf4 Kg8 36. c5 Bxf1 37. cxd6 Bb5 38. Ne6 Rdd7 39. Nc5 Rxd6 40. Ne4 Rd5 41.
h4 a4 42. Ng5 Rdd7 43. Nxf7 Rxf7 44. Rc1 Qh3 45. Qe1 Qf5 46. Re8+ Kh7 47. Qe4
Qxe4 48. Rxe4 Rxf3 49. Kg2 Rb3 50. Rf4 Nd8 51. Rd1 Bc6+ 52. Kf2 Ne6 53. Rf5 Kg6
54. Re5 Rf3+ 55. Ke1 Kf7 56. Rd6 Bb5 57. Rxb5 Rxg3 58. Rb7+ 1-0

[Event "World Blitz 2025"]
[Site "Doha QAT"]
[Date "2025.12.30"]
[Round "15.21"]
[White "Samunenkov, Ihor"]
[Black "Niemann, Hans Moke"]
[Result "1-0"]
[WhiteTitle "GM"]
[BlackTitle "GM"]
[WhiteElo "2584"]
[BlackElo "2725"]
[WhiteFideId "14187086"]
[BlackFideId "2093596"]
[EventDate "2025.12.29"]

1. e4 c6 2. d4 d5 3. e5 Bf5 4. h4 a6 5. h5 h6 6. Bd3 Bxd3 7. Qxd3 e6 8. Ne2 c5
9. c3 Nc6 10. a3 Rc8 11. Nd2 Qb6 12. b4 cxd4 13. cxd4 Qb5 14. Qxb5 axb5 15. Bb2
Nge7 16. Nb3 Na7 17. Nc5 b6 18. Nd3 Kd7 19. Kd2 Nec6 20. Rh3 Be7 21. g4 Rcg8 22.
Rah1 Nd8 23. f4 Nac6 24. Kc2 f5 25. Rg1 g6 26. hxg6 Rxg6 27. gxf5 Rxg1 28. Nxg1
exf5 29. Kd2 Ne6 30. Ke3 h5 31. Nf3 Ncd8 32. Rh1 Nf7 33. Ke2 h4 34. Bc3 Rg8 35.
Be1 Rg2+ 36. Bf2 Nh8 37. Kf1 Rg4 38. Bxh4 Ng6 39. Bxe7 Kxe7 40. Rh7+ Kf8 41. Rh5
Ne7 42. Rh4 Rxh4 43. Nxh4 Nxd4 44. Kf2 Kf7 45. Nf3 Nxf3 46. Kxf3 d4 47. Ne1 Ke6
48. Ke2 Nd5 49. Ng2 Nc7 50. Kd3 Kd5 51. Nh4 Ne6 52. Ng6 Nd8 53. Ne7+ Ke6 54. Nc8
Kd5 55. Nxb6+ Kc6 56. Nc8 Kd5 57. Ne7+ Ke6 58. Nc8 Kd5 59. Ne7+ Ke6 60. Ng6 Kd5
61. Nh4 Ne6 62. Ng2 Ng7 63. Nh4 Nh5 64. Ng6 Ng7 65. Ne7+ Ke6 66. Nc6 Kd5 67.
Nxd4 Nh5 68. Ne2 Ng7 69. Nc3+ Kc6 70. Kd4 Ne6+ 71. Ke3 Nc7 72. Ne2 Nd5+ 73. Kd3
Kd7 74. Kd4 Kc6 75. Kd3 Kd7 76. Kd2 Ke7 77. Nd4 Nxf4 78. Nxf5+ Ke6 79. Nd4+ Kxe5
80. Nxb5 Kd5 81. Kc3 Ne2+ 82. Kb3 Nc1+ 83. Kc2 1-0

[Event "World Blitz 2025"]
[Site "Doha QAT"]
[Date "2025.12.30"]
[Round "15.22"]
[White "Sanal, Vahap"]
[Black "Nihal, Sarin"]
[Result "0-1"]
[WhiteTitle "GM"]
[BlackTitle "GM"]
[WhiteElo "2546"]
[BlackElo "2701"]
[WhiteFideId "6300545"]
[BlackFideId "25092340"]
[EventDate "2025.12.29"]

1. e4 c5 2. Nf3 d6 3. Bb5+ Bd7 4. a4 Nf6 5. Nc3 g6 6. O-O Bg7 7. e5 dxe5 8. Nxe5
O-O 9. Nxd7 Nfxd7 10. Re1 Ne5 11. b3 Nbc6 12. Bb2 Nd4 13. Bf1 Nec6 14. Nb5 Rc8
15. c3 Nf5 16. Na3 Nd6 17. Nc4 Nxc4 18. Bxc4 Na5 19. Bf1 e6 20. Ba3 Qc7 21. b4
cxb4 22. Bxb4 Rfd8 23. Bxa5 Qxa5 24. Qc2 Qg5 25. Rad1 h5 26. g3 Rc7 27. Bg2 b6
28. h4 Qc5 29. Re3 Rcd7 30. Re2 Bxc3 31. Bf3 Bd4 32. Qxc5 Bxc5 33. Be4 Rd4 34.
Bc2 Kg7 35. d3 Rb4 36. Rb1 Rc8 37. Rxb4 Bxb4 38. Bb3 Rc1+ 39. Kg2 Bc5 40. Bc4
Kf6 41. Bb5 Ke7 42. Kf3 Ra1 43. Kg2 Kd6 44. Kf3 e5 45. Kg2 Ke6 46. Bc4+ Kf6 47.
Bb5 Ra3 48. Kf3 Rc3 49. Kg2 Bd4 50. Bc4 Ke7 51. Bb5 f5 52. Bc4 Kf6 53. Bb5 Bc5
54. Ba6 Rb3 55. Bb5 Rb4 56. Ra2 Rd4 57. a5 bxa5 58. Rxa5 Bb6 59. Ra2 Rb4 60. Ba6
g5 61. hxg5+ Kxg5 62. Re2 Kf6 63. Rc2 h4 64. gxh4 Rxh4 65. Rc4 Rh8 66. Rc6+ Kg5
67. Re6 Kf4 68. Rg6 Bd4 69. Rg3 Rb8 70. Rf3+ Kg5 71. Rg3+ Kf6 72. Kf1 Rb6 73.
Bc4 a5 74. Rh3 Rb2 75. f3 Kg5 76. Ke1 a4 77. Rh7 a3 78. Rg7+ Kf4 79. Rg8 a2 0-1

[Event "World Blitz 2025"]
[Site "Doha QAT"]
[Date "2025.12.30"]
[Round "15.23"]
[White "Rakhmanov, Aleksandr"]
[Black "Salem, A.R. Saleh"]
[Result "0-1"]
[WhiteTitle "GM"]
[BlackTitle "GM"]
[WhiteElo "2585"]
[BlackElo "2635"]
[WhiteFideId "4173708"]
[BlackFideId "9301348"]
[EventDate "2025.12.29"]

1. c4 c5 2. Nc3 g6 3. g3 Bg7 4. Bg2 Nc6 5. e3 e6 6. Nge2 Nge7 7. Nf4 d6 8. O-O
O-O 9. b3 b6 10. Bb2 Bb7 11. h3 Qd7 12. Kh2 Rae8 13. Rb1 h6 14. d3 Kh7 15. Qe2
f5 16. Rbd1 Ng8 17. Qd2 Ne5 18. f3 Nc6 19. Nfe2 d5 20. f4 Nf6 21. Rfe1 Rd8 22.
Qc1 Qf7 23. Nb5 Rfe8 24. Qa1 Ba8 25. Ng1 e5 26. Nf3 e4 27. Ne5 Nxe5 28. Bxe5 a6
29. Nc3 d4 30. exd4 cxd4 31. Ne2 Rxe5 32. fxe5 Nh5 33. dxe4 Bxe5 34. exf5 Bxg2
35. Kxg2 Qb7+ 36. Kf2 Rf8 37. g4 Qe4 38. Qc1 gxf5 39. gxh5 Qh4+ 40. Ng3 Qxg3+
41. Ke2 Re8 42. Kf1 Qf3+ 43. Kg1 Rg8+ 0-1

[Event "World Blitz 2025"]
[Site "Doha QAT"]
[Date "2025.12.30"]
[Round "15.24"]
[White "Erdogmus, Yagiz Kaan"]
[Black "Robson, Ray"]
[Result "0-1"]
[WhiteTitle "GM"]
[BlackTitle "GM"]
[WhiteElo "2658"]
[BlackElo "2650"]
[WhiteFideId "44599790"]
[BlackFideId "2023970"]
[EventDate "2025.12.29"]

1. e4 e5 2. Nf3 Nc6 3. Bb5 Nf6 4. Qe2 Bc5 5. Bxc6 bxc6 6. Nxe5 O-O 7. d3 Re8 8.
Nf3 Ba6 9. Nc3 Nxe4 10. Nxe4 Bb4+ 11. Bd2 d5 12. Bxb4 Rxe4 13. dxe4 Bxe2 14.
Kxe2 dxe4 15. Nd2 Qd5 16. Bc3 e3 17. Nf3 Qc4+ 18. Kxe3 Re8+ 19. Kd2 Qe2+ 20. Kc1
Qxf2 21. b3 Qxg2 22. Rg1 Qxf3 23. Rxg7+ Kf8 24. Rg3 Qf4+ 25. Kb2 Re6 26. Rd1 Rd6
27. Re1 Re6 28. Rd1 Rg6 29. Rh3 Qg4 30. Rdd3 h6 31. Rhg3 Qf4 32. Rh3 Rd6 33.
Rdf3 Qe4 34. Re3 Qf5 35. Rhg3 Re6 36. Rd3 c5 37. Rd8+ Ke7 38. Rgg8 f6 39. Rc8
Kd7 40. Ra8 Re2 41. Rad8+ Kc6 42. Bd2 Qe5+ 43. Ka3 Qxh2 44. Bc3 Rxc2 0-1

[Event "World Blitz 2025"]
[Site "Doha QAT"]
[Date "2025.12.30"]
[Round "15.25"]
[White "Mamedov, Edgar"]
[Black "Pichot, Alan"]
[Result "1-0"]
[WhiteTitle "GM"]
[BlackTitle "GM"]
[WhiteElo "2492"]
[BlackElo "2597"]
[WhiteFideId "13739980"]
[BlackFideId "110973"]
[EventDate "2025.12.29"]

1. d4 Nf6 2. c4 e6 3. Nf3 d5 4. Nc3 dxc4 5. e4 b5 6. e5 Nfd7 7. Nxb5 Nb6 8. Be2
Nc6 9. O-O Be7 10. Qd2 Rb8 11. Nc3 Bb7 12. Qf4 O-O 13. Qg4 Kh8 14. Rd1 Nb4 15.
Ng5 Bxg5 16. Bxg5 f6 17. Bh4 Qd7 18. exf6 gxf6 19. Bf3 N6d5 20. Bg3 Bc6 21. Rd2
Rg8 22. Qh4 Rbf8 23. Ne4 Rg6 24. Nc5 Qc8 25. Re1 Nd3 26. Nxd3 cxd3 27. Rxd3 Qd7
28. Rd2 Kg8 29. Rde2 f5 30. Be5 Nf6 31. Re3 Bd5 32. Bxd5 Nxd5 33. Rg3 Qf7 34. h3
f4 35. Rxg6+ Qxg6 36. Qg4 Qxg4 37. hxg4 Rb8 38. b3 Rb6 39. Rc1 Ra6 40. Rc2 Kf7
41. Bxc7 Nb4 42. Rc4 Nd5 43. a4 Kg6 44. Bd8 Rd6 45. Ba5 Kg5 46. f3 h5 47. gxh5
Kxh5 48. Bd2 Kg6 49. Rc8 Rb6 50. b4 Nxb4 51. Bxf4 Nd5 52. Be5 Ra6 53. Rg8+ Kh7
54. Rg7+ Kh6 55. g4 Rxa4 56. Kg2 Ra3 57. Kg3 Re3 58. Rxa7 Kg6 59. Rg7+ Kh6 60.
Rg8 Kh7 61. Re8 Kg6 62. Rxe6+ Kf7 63. Rd6 Ne7 64. Kf4 Rd3 65. g5 Rb3 66. Rf6+
Kg8 67. Re6 Kf7 68. Ra6 Ng6+ 69. Ke4 Rb1 70. Ra7+ Kf8 71. f4 Nh4 72. Kd5 Rb5+
73. Ke6 Rb6+ 74. Bd6+ Kg8 75. d5 Ng6 76. Ra8+ Kg7 77. Ra7+ Kg8 78. f5 Nf4+ 79.
Ke5 Nd3+ 80. Kd4 Ne1 81. Be7 Rb3 82. Bf6 Rf3 83. g6 1-0

[Event "World Blitz 2025"]
[Site "Doha QAT"]
[Date "2025.12.30"]
[Round "15.26"]
[White "Rapport, Richard"]
[Black "Bai, Jinshi"]
[Result "1-0"]
[WhiteTitle "GM"]
[BlackTitle "GM"]
[WhiteElo "2741"]
[BlackElo "2599"]
[WhiteFideId "738590"]
[BlackFideId "8602280"]
[EventDate "2025.12.29"]

1. Nc3 d5 2. e4 d4 3. Nce2 c5 4. Ng3 Nc6 5. Bc4 e5 6. d3 Bd6 7. Nf3 h6 8. O-O
Nge7 9. Nh4 Na5 10. Bb5+ Nac6 11. Bc4 Na5 12. Bb5+ Nac6 13. Nhf5 Nxf5 14. exf5
Qh4 15. Bxc6+ bxc6 16. Qf3 Bd7 17. Ne4 Be7 18. b3 O-O 19. h3 c4 20. Kh2 g6 21.
g3 Qh5 22. Qxh5 gxh5 23. f6 Bb4 24. Bxh6 Rfe8 25. bxc4 Rab8 26. Rab1 a5 27. g4
Kh7 28. Bg7 hxg4 29. hxg4 Bxg4 30. Kg3 Bd7 31. f4 exf4+ 32. Kxf4 Rxe4+ 33. dxe4
Bd2+ 34. Kf3 Rxb1 35. Rxb1 a4 36. Rd1 Be3 37. a3 c5 38. Bf8 Be6 39. Bxc5 Bxc4
40. Bxd4 1-0

[Event "World Blitz 2025"]
[Site "Doha QAT"]
[Date "2025.12.30"]
[Round "15.27"]
[White "Safarli, Eltaj"]
[Black "Quparadze, Giga"]
[Result "1/2-1/2"]
[WhiteTitle "GM"]
[BlackTitle "GM"]
[WhiteElo "2644"]
[BlackElo "2502"]
[WhiteFideId "13402129"]
[BlackFideId "13602250"]
[EventDate "2025.12.29"]

1. e4 c5 2. Nf3 e6 3. d4 cxd4 4. Nxd4 a6 5. g3 d5 6. Nb3 dxe4 7. Qxd8+ Kxd8 8.
N1d2 f5 9. f3 Nf6 10. fxe4 Nc6 11. c3 e5 12. Bg2 f4 13. Nc4 fxg3 14. Nb6 Rb8 15.
Nxc8 Kxc8 16. hxg3 Kc7 17. Ke2 Rd8 18. Be3 Be7 19. Bf3 h6 20. a4 b6 21. a5 bxa5
22. Nxa5 Ra8 23. Nxc6 Kxc6 24. Ra5 Bd6 25. Rha1 Kb7 26. Bd4 Rhe8 27. Be3 Bc7 28.
R5a4 Bd6 29. Kd3 Nd7 30. Ra5 Bc7 31. R5a3 Bb6 32. Be2 Nc5+ 33. Kc2 Rf8 34. b4
Nxe4 35. Bxb6 Kxb6 36. Rxa6+ Rxa6 37. Rxa6+ Kc7 38. Ra7+ Kd6 39. Rxg7 Rf2 40.
Rg6+ Kc7 41. Kd3 Nxc3 42. Kxc3 Rxe2 43. Kc4 h5 44. Rg5 h4 45. gxh4 Re4+ 46. Kc5
Rxh4 47. Rxe5 Rh8 48. Re7+ Kb8 49. b5 Rh6 50. Rd7 Rh8 51. Kb6 Rg8 52. Ka6 Rh8
53. b6 Rg8 54. Rc7 Rh8 55. Rc6 Rg8 56. b7 Rh8 57. Rc8+ Rxc8 1/2-1/2

[Event "World Blitz 2025"]
[Site "Doha QAT"]
[Date "2025.12.30"]
[Round "15.28"]
[White "Hakobyan, Aram"]
[Black "Isanzhulov, Arystan"]
[Result "1-0"]
[WhiteTitle "GM"]
[BlackTitle "IM"]
[WhiteElo "2613"]
[BlackElo "2419"]
[WhiteFideId "13306677"]
[BlackFideId "13711644"]
[EventDate "2025.12.29"]

1. d4 Nf6 2. c4 e6 3. Nc3 Bb4 4. e3 O-O 5. a3 Bxc3+ 6. bxc3 c5 7. Ne2 Qa5 8. Bd2
b6 9. Ng3 Bb7 10. Bd3 d5 11. cxd5 exd5 12. O-O c4 13. Bc2 b5 14. f3 Re8 15. Re1
Qb6 16. e4 Nbd7 17. Kh1 dxe4 18. fxe4 Qc6 19. Qf3 Rad8 20. Bf4 Qe6 21. h3 a6 22.
Rad1 g6 23. Bg5 Kg7 24. Qf4 Rc8 25. Kh2 Ng8 26. Qf2 h6 27. Bf4 Qe7 28. Rf1 Rf8
29. Bc1 Rce8 30. Rde1 Qd8 31. Qf4 Qb8 32. e5 f5 33. exf6+ Ndxf6 34. Qxb8 Rxb8
35. Bf4 Rbe8 36. Be5 Kh7 37. Re2 Nd5 38. Ref2 Rxf2 39. Rxf2 Re7 40. Ne4 Ne3 41.
Bb1 Nf5 42. Nc5 Bc8 43. g4 Ne3 44. Rf8 Bb7 45. Bd6 Rg7 46. Be5 Re7 47. Nxb7 Rxb7
48. Ra8 Rf7 49. Rxa6 Ne7 50. Ra8 Ng8 51. Be4 Nf1+ 52. Kg2 Ne3+ 53. Kh2 Nf1+ 54.
Kg1 Ne3 55. h4 h5 56. gxh5 Kh6 57. Rxg8 Rf1+ 58. Kh2 Kxh5 59. Bxg6+ Kxh4 60.
Bg3+ Kg4 61. Bd3+ Kf3 62. Bxf1 Nxf1+ 63. Kh3 Ne3 64. Rf8+ Ke2 65. Re8 Kd3 66.
Rxe3+ 1-0

[Event "World Blitz 2025"]
[Site "Doha QAT"]
[Date "2025.12.30"]
[Round "15.29"]
[White "Maghsoodloo, Parham"]
[Black "Tabatabaei, M. Amin"]
[Result "0-1"]
[WhiteTitle "GM"]
[BlackTitle "GM"]
[WhiteElo "2708"]
[BlackElo "2700"]
[WhiteFideId "12539929"]
[BlackFideId "12521213"]
[EventDate "2025.12.29"]

1. Nf3 d5 2. b3 c5 3. e3 e6 4. Bb2 Nc6 5. Bb5 Ne7 6. c4 a6 7. Ba4 Bd7 8. O-O Ng6
9. Na3 Bd6 10. cxd5 exd5 11. Bxc6 Bxc6 12. d4 b6 13. Rc1 Qd7 14. dxc5 bxc5 15.
Nb1 O-O 16. Ba3 Qe7 17. Re1 Rac8 18. Nbd2 Rfd8 19. Qc2 Bb7 20. h3 Ne5 21. Bb2
Nxf3+ 22. Nxf3 Qe6 23. Ng5 Qh6 24. Qf5 Rc7 25. b4 Bc8 26. Qxh7+ Qxh7 27. Nxh7
Kxh7 28. bxc5 Rxc5 29. Rcd1 Rc2 30. Bd4 Rxa2 31. Rb1 a5 32. Rb6 a4 33. Rc1 Be6
34. g4 a3 35. f4 g6 36. Rcc6 Bf8 37. Rc7 Kg8 38. Ra7 Rc8 39. Rb1 Rac2 40. Rf1
Rc1 41. Rxc1 Rxc1+ 42. Kf2 Rc8 43. Ra5 Bg7 44. Bxg7 Kxg7 45. Rxa3 Rc4 46. Rd3
Kf6 47. Kf3 Bd7 48. Kg3 Bc6 49. Rb3 d4 50. exd4 Rxd4 51. Rb6 Rd6 52. Kh4 Re6 53.
Ra6 Bg2 54. Ra2 Bd5 55. Ra3 Rb6 56. Ra5 Be6 57. Ra4 Rc6 58. Ra5 Kg7 59. Kg5 Rc3
60. Kh4 Bd7 61. Re5 Bc6 62. f5 g5+ 63. Kxg5 f6+ 0-1

[Event "World Blitz 2025"]
[Site "Doha QAT"]
[Date "2025.12.30"]
[Round "15.30"]
[White "Paravyan, David"]
[Black "Bortnyk, Olexandr"]
[Result "1-0"]
[WhiteTitle "GM"]
[BlackTitle "GM"]
[WhiteElo "2582"]
[BlackElo "2601"]
[WhiteFideId "4194985"]
[BlackFideId "14120828"]
[EventDate "2025.12.29"]

1. e4 Nf6 2. e5 Nd5 3. d4 d6 4. Nf3 dxe5 5. Nxe5 c6 6. h4 Nd7 7. Nf3 b5 8. Nc3
N7f6 9. Ne5 Qc7 10. Nxd5 Nxd5 11. c4 bxc4 12. Bxc4 e6 13. O-O Be7 14. h5 O-O 15.
h6 g6 16. Bd2 c5 17. Rc1 Rb8 18. Nd3 Bb7 19. dxc5 Qd8 20. b4 Bg5 21. b5 Bxd2 22.
Qxd2 Qh4 23. c6 Ba8 24. Bxd5 exd5 25. Rc5 Rbe8 26. Qf4 Qd8 27. Qd4 f6 28. Rxd5
Qa5 29. Rd7 Qxa2 30. Rg7+ Kh8 31. Qd7 1-0

[Event "World Blitz 2025"]
[Site "Doha QAT"]
[Date "2025.12.30"]
[Round "15.31"]
[White "Theodorou, Nikolas"]
[Black "Indjic, Aleksandar"]
[Result "1/2-1/2"]
[WhiteTitle "GM"]
[BlackTitle "GM"]
[WhiteElo "2652"]
[BlackElo "2635"]
[WhiteFideId "4262875"]
[BlackFideId "911925"]
[EventDate "2025.12.29"]

1. d4 Nf6 2. Nf3 d6 3. Nc3 d5 4. Bf4 c6 5. e3 Bf5 6. Ne5 h6 7. g4 Bc8 8. h4 Nbd7
9. Rg1 Nxe5 10. dxe5 Ng8 11. g5 hxg5 12. hxg5 g6 13. Ne2 a6 14. Qd2 e6 15. c4
Bg7 16. O-O-O Ne7 17. Kb1 Qb6 18. Nc3 Qc7 19. e4 Bxe5 20. Bxe5 Qxe5 21. f4 Qd6
22. cxd5 exd5 23. f5 gxf5 24. exd5 cxd5 25. Qd4 Rg8 26. Bc4 Be6 27. Nxd5 Nxd5
28. Bxd5 Qxd5 29. Qxd5 Bxd5 30. Rxd5 Kf8 31. Rxf5 Kg7 32. Rc1 Rac8 33. Rcf1 Rc7
34. a3 Re8 35. R1f2 Re6 36. Rd5 Rce7 37. Rdf5 Re5 38. Kc2 Rxf5 39. Rxf5 Kg6 40.
Rd5 Rc7+ 41. Kd3 Re7 42. a4 Re1 43. Kc3 Re4 44. a5 Rg4 45. Rd6+ Kg7 46. Rd7 Rxg5
47. Rxb7 Rxa5 48. b4 Re5 49. Kd4 Re6 50. Kd5 Kg6 51. Rb8 Kf6 52. Ra8 Kg7 53. Ra7
Kg6 54. Ra8 Kg5 55. Rg8+ Rg6 56. Rf8 Rf6 57. Rg8+ Kf5 58. Ra8 Rb6 59. Kc5 Re6
60. Kd5 Kf6 61. Ra7 Kg6 62. Ra8 Rf6 63. Rg8+ Kh7 64. Ra8 Kg7 65. Ra7 Rg6 66. Ra8
Rb6 67. Kc5 Rh6 68. Kd5 Re6 69. Ra7 Kg6 70. Ra8 1/2-1/2